Koncepcia nových daňových systémov v podnikateľskom prostredí

Otázka daňového a odvodového zaťaženia živnostníka, živiteľa rodiny, samostatne zárobkovo činnej osoby (SZČO) a malých a stredných podnikov a živnostníkov (MSPaŽ). Živnostenské licencie živnostníka bez zamestnancov a rodinné zdaňovanie v rámci rodinného podniku.

Gespeichert in:
Bibliographische Detailangaben
1. Verfasser: Sirotka, Vladimír
Format: Buchkapitel
Sprache:Slowakisch
Schlagworte:
Tags: Tag hinzufügen
Keine Tags, Fügen Sie das erste Tag hinzu!

MARC

LEADER 00000naa a2200000 4500
001 0216132
005 20221019173930.8
041 0 |a slo 
044 |a SK 
245 1 0 |a Koncepcia nových daňových systémov v podnikateľskom prostredí  |c Vladimír Sirotka 
520 |a Otázka daňového a odvodového zaťaženia živnostníka, živiteľa rodiny, samostatne zárobkovo činnej osoby (SZČO) a malých a stredných podnikov a živnostníkov (MSPaŽ). Živnostenské licencie živnostníka bez zamestnancov a rodinné zdaňovanie v rámci rodinného podniku. 
610 2 0 |a systémy daňové 
610 2 0 |a zaťaženie daňové 
610 2 0 |a odvody 
610 2 0 |a licencie daňové 
610 2 0 |a zdaňovanie 
610 2 0 |a povinnosť daňová 
610 2 0 |a živnostníci 
610 2 0 |a podnik malý 
610 2 0 |a podnik stredný 
610 2 0 |a podnik rodinný 
100 1 |a Sirotka, Vladimír